000 00421cam a22001337a 4500
008 180718b1961 xxu||||| |||| 00| 0 eng d
082 _aB73x5421 D969
100 _aDwivedi, J.N.
245 _aPractice and digest of U.P. panchayat raj with upto-date act and rules
_cby J.N. Dwivedi
250 _a3rd ed.
260 _aAllahabad
_bAllahabad Law Agency
_c1961
300 _a182p.
650 _aPanchayat-Uttar pradesh, India.
999 _c364584
_d364584